000 00555nam a2200169 i 4500
001 58310
003 ES-MaACL
005 20230906163757.0
007 t|
008 031021s1979 sp ||||1| spa d
100 1 _aDurán de la Rúa, Nelson.
_946212
245 1 3 _aLa Unión Liberal y la modernización de la España isabelina
_b: una convivencia frustrada, 1854-1868 /
_cNelson Durán de la Rúa.
260 _a[Madrid] :
_bAkal,
_c[1979]
300 _a365 p. ;
_c22 cm.
852 _aES-MaACL
_jA-10334
_bR.99539
852 _aES-MaACL
_jL-781
_bR.101123
999 _c58310
_d58310